LEADER 01540nam a2200325 i 4500 001 000000058716 003 CaOOAMICUS 005 20130308000000.0 008 130308s2013 it u000 u ita u 013 $a29888 020 $a978-88-10-20706-2 040 $aSeMil$bita 100 1 $aDe Benedetti, Paolo ,$d<1927-2016>.$0(OLS)http://semarc/name/2612 245 10$aSe così si può dire... :$bvariazioni sull'ebraismo vivente /$cPaolo De Benedetti ; prefazione del card. Carlo Maria Martini ; a cura di Fabio Ballabio e Gioachino Pistone. 260 $aBrescia :$bMorcelliana,$c2013. 260 $aBologna :$bEDB,$c2013. 300 $a232 p. ;$c19 cm. 490 0 $aCristiani ed ebrei ;$v4 650 4$aGiudaismo.$0(OLS)http://semarc/subject/2880 700 1 $aPistone, Gioachino.$0(OLS)http://semarc/name/29947 700 1 $aBallabio, Fabio.$0(OLS)http://semarc/name/29946 700 1 $aMartini, Carlo Maria,$c.$0(OLS)http://semarc/name/89159 830 0$aCristiani ed ebrei ;$v4.$0(OLS)http://semarc/title/35719 850 $aSeMil 852 $aSeMil$W1$xVenegono$y1$m2R II 126$j24869$B24869$CSeMilBibl$Z2$F24872 $81 961 $aAcquisto: LI.CO.SA 996 $6020$a978-88-10-20706-2$9(OLS)http://semarc/number/34424 996 $6245$aSe così si può dire... :$bvariazioni sull'ebraismo vivente$9(OLS)http://semarc/title/91577 996 $6260$aBologna :$bEDB$9(OLS)http://semarc/publisher/29669 996 $6260$aBrescia :$bMorcelliana$9(OLS)http://semarc/publisher/29629 LEADER 01342nam a2200301 i 4500 001 000000080850 003 CaOOAMICUS 005 20171127000000.0 008 171127s2017 it u000 u ita u 013 $a53088 020 $a978-88-87915-95-2 040 $aSeMil$bita 100 1 $aBrilli, Attilio,$d<1936- >.$0(OLS)http://semarc/name/31092 245 13$aIl codice della bellezza =$bThe code of beauty /$csaggio di = text by Attilio Brilli ; immagini di = photographs by Francesco Piras. 246 01$aThe code of beauty 260 $aTorino :$bUtet Grandi opere,$c2017. 260 $a[Milano] :$bFMR,$c2017. 300 $a170 p. :$briccamente ill. ;$c31 cm. 650 4$aArte - Studi.$0(OLS)http://semarc/subject/5860 700 1 $aPiras, Francesco .$0(OLS)http://semarc/name/7743 850 $aSeMil 852 $aSeMil$W1$xVenegono$y1$m5F X 56$j46222$B46222$CSeMilBibl$Z2$F48447 $81 961 $aOmaggio: Delpini mons. Mario 996 $6020$a978-88-87915-95-2$9(OLS)http://semarc/number/270883 996 $6245$aIl codice della bellezza =$bThe code of beauty$9(OLS)http://semarc/title/404184 996 $6246$aThe code of beauty$9(OLS)http://semarc/title/404185 996 $6260$a[Milano] :$bFMR$9(OLS)http://semarc/publisher/50191 996 $6260$aTorino :$bUtet Grandi opere$9(OLS)http://semarc/publisher/55928